Normal view
MARC view
Entry Topical Term
001 - CONTROL NUMBER
- control field: 8134
003 - CONTROL NUMBER IDENTIFIER
- control field: HDC
005 - DATE AND TIME OF LATEST TRANSACTION
- control field: 20230624073255.0
008 - FIXED-LENGTH DATA ELEMENTS
- fixed length control field: 210128|| aca||aabn | a|a d
040 ## - CATALOGING SOURCE
- Original cataloging agency: HDC
- Transcribing agency: HDC
150 ## - HEADING--TOPICAL TERM
- Topical term or geographic name entry element: social concept
670 ## - SOURCE DATA FOUND
- Source citation: Work cat.: (HDC): DOLAN, SEAN author 8133, GLOBALIZING HALAL: TRACING THE FORMATION OF A SOCIAL CONCEPT / by, 2010
